000 00599cam a2200145 4500500
005 20251228052419.0
041 _afre
042 _adc
100 1 0 _aNiehaus, Isak
_eauthor
245 0 0 _aELLIS, Stephen & TER HAAR, Gerrie. — Worlds of Power: Religious Thought and Political Practice in Africa. London, Hurst and Company, 2003, 263 p.
260 _c2005.
500 _a48
786 0 _nCahiers d'études africaines | 178 | 2 | 2005-06-01 | p. 585c-620c | 0008-0055
856 4 1 _uhttps://shs.cairn.info/revue-cahiers-d-etudes-africaines-2005-2-page-585c?lang=fr&redirect-ssocas=7080
999 _c1583499
_d1583499